Anteproyecto Arquitectónico Centro de Asistencia Social Beauty For Ashes Project

La propuesta de anteproyecto arquitectónico centro de asistencia social Beauty For Ashes Project se ubica en el Barrio Nueva Vida, ubicado en la parte oeste periférica del casco urbano de Ciudad Sandino a 13 km de la capital. Su situación económica- social está clasificada como pobreza severa...

Full description

Bibliographic Details
Main Authors: Gómez Fley, James Daniel, Villalta Pérez, Karen Andrea
Other Authors: Tutor: Mendoza Ruiz, Hugo
Format: Tesis Section = Libro
Language:Undetermined
Spanish
Published: Managua UNI 2020
Subjects:
LEADER 01184nam a2200265Ia 4500
008 240830s9999 xx 000 0 und d
040 |a BIBLIOTECA-RUSB/ Mon 720 G633 
041 |a spa 
082 |a Mon 720 G633 
100 1 |a Gómez Fley, James Daniel 
100 1 |b  Villalta Pérez, Karen Andrea 
245 1 0 |a Anteproyecto Arquitectónico Centro de Asistencia Social Beauty For Ashes Project 
260 |a Managua  |b UNI  |c 2020 
300 |a 96 p. :il. 
500 |a Contiene: anexos y CD. 
502 |a Tesis (Arquitecto) - UNI, 2020. 
520 3 |a La propuesta de anteproyecto arquitectónico centro de asistencia social Beauty For Ashes Project se ubica en el Barrio Nueva Vida, ubicado en la parte oeste periférica del casco urbano de Ciudad Sandino a 13 km de la capital. Su situación económica- social está clasificada como pobreza severa con escaso proceso de desarrollo y papel socio-económico y cultural 
650 7 |a ARQUITECTURA SOCIAL 
650 7 |b  DISEÑO ARQUITECTONICO 
650 7 |c  ARQUITECTURA-DISEÑOS Y PLANOS 
650 7 |d  EDIFICIOS-EMPLAZAMIENTO 
700 1 |a Tutor:  |b Mendoza Ruiz, Hugo 
942 |c BK  |2 ddc 
991 |a TESIS 
999 |c 21114